유럽의 나라들 - Statistics

General Stats
  • This quiz has been taken 28 times
  • The average score is 37 of 45
Answers on the Map
Answers color-coded by a green-red scale on the quiz's map according to % correct below.
 
Answer Stats
나라 % Correct
그리스
100%
독일
100%
러시아
100%
스위스
100%
스페인
100%
영국
100%
이탈리아
100%
포르투갈
100%
프랑스
100%
핀란드
100%
네덜란드
91%
노르웨이
91%
덴마크
91%
루마니아
91%
벨기에
91%
슬로바키아
91%
슬로베니아
91%
아이슬란드
91%
아일랜드
91%
우크라이나
91%
폴란드
91%
보스니아 헤르체고비나
91%
몬테네그로
82%
북마케도니아
82%
세르비아
82%
스웨덴
82%
오스트리아
82%
크로아티아
82%
헝가리
82%
라트비아
73%
리투아니아
73%
몰도바
73%
바티칸 시국
73%
벨라루스
73%
불가리아
73%
알바니아
73%
체코
73%
코소보
73%
룩셈부르크
64%
리히텐슈타인
64%
몰타
64%
안도라
64%
에스토니아
64%
모나코
55%
산마리노
55%
No matching quizzes found
Score Distribution
Percent of People with Each Score
Percentile by Number Answered
Your Score History
You have not taken this quiz